000
00299nam a22001337a 4500
020
_a
81-7826-181-2
082
_a
823
_b
SECO/B
245
_a
BLACK BEAUTY
_b
SHORT STORIES
246
_a
BLACK BEAUTY
_b
SHORT STORIES
250
_a
2003
260
_a
DELHI
_b
ROHAN BOOK COMPANY
300
_a
222
942
_c
BK
999
_c
253
_d
253